| 000 | 00785nam a22001577a 4500 | ||
|---|---|---|---|
| 003 | OSt | ||
| 005 | 20151002162805.0 | ||
| 008 | 151002b xxu||||| |||| 00| 0 eng d | ||
| 040 | _cRUA | ||
| 082 | _aAVM SAY 1995 B069 Or.1 | ||
| 100 |
_91809 _aSAY SOMETHEA |
||
| 245 | _aInternal parsites of pig and its prophylaxis in pig breeding station km11 and villages around, (ប៉ារ៉ាស៊ីតខាងក្នុងរបស់ជ្រូក និង វិធានការការពារ នៅស្ថានីយ៍ចិញ្ចឹមជ្រូកពូជគីឡូម៉ែត្រលេខ១១ និងភូមិនៅជុំវិញស្ថានីយ៍) | ||
| 260 |
_aphnom penh _bRUA _c1995 |
||
| 300 |
_a52p. _bill. _c29cm. |
||
| 942 |
_2ddc _cAVM |
||
| 999 |
_c1708 _d1708 |
||